000
00280nam a22001337a 4500
008
171009b xxu||||| |||| 00| 0 eng d
020
_a
0300041152
041
_a
eng
080
_a
159.9
100
_a
49
101
_a
PSI
245
_a
LOST IN A BOOK
_c
NELL,.V
942
_2
udc
_c
BK
999
_c
32537
_d
32537